00686aam a2200253 450000500170000000800410001702000180005804100080007608200180008410000270010210000290012924500880015826000130024626000310025926000090029030000180029965000150031765000110033265000130034365000210035694200120037799900150038995200280040420250507171538.0150605b2006 xxu||||| |||| 00| 0 spa d a9789977134352 aESP a347.067 M516r aMejía Marín, Ligia aPérez Trivino, Gabriel aRecursos en materia penal y testimonio como medio de prueba : teoría y práctica aColombia bEdiciones Jurídica Radar c1990 a317 páginas aTESTIMONIO aPRUEBA aRECURSOS aTESTIMONIO PENAL cBK2ddc c6208d6208 o347.067 M516rp2962yBK